000 00368pab a2200145 454500
008 180718b2004 xxu||||| |||| 00| 0 eng d
100 _aKrishnaraj, Maithereyi
245 _aPhilosophy of knowledge for social change
260 _c2004
300 _ap.32-48.
362 _aJan
650 _aSocial change
773 _aIndian Journal of Social Work
909 _a63005
999 _c63005
_d63005